000
00301nam a2200121Ia 4500
008
191201s2013 xx 000 0 und d
100
_a
PRASAD, K.D.
245
0
_a
Antenna and Wave Propagation
260
_a
N. delhi
_b
Satya Prakashan
_c
2013
300
_a
1282
650
_a
B.Tech(ECE)
942
_2
ddc
_c
BK
999
_c
6342
_d
6342